=LDR 00000nam 2200000 4500 =001 INLIS000000000018494 =005 20130612113652 =008 ***********************************Ind** =035 ##$$0010-061300000018494 =041 ##$$a Ind =082 ##$$a 346.21 =090 ##$$a 346.21, Soe r =100 ##$$a Soepomo =245 ##$$a Hukum perdata adat Jawa Barat =260 ##$$a 1982 $b Jakarta =300 ##$$a viii, 230 hlm, 24 cm =650 ##$$a Hukum perdata adat Jawa Barat =850 ##$$a NBPNMAT =990 ##$$a 86198619 =990 ##$$a 1864/pro-83 =990 ##$$a 1.863/Pro.82 =990 ##$$a 1.868/Pb.84